| 000 | 00486nam a2200181Ia 4500 | ||
|---|---|---|---|
| 008 | 240925s9999 xx 000 0 und d | ||
| 020 | _a9789696375678 | ||
| 082 | _a770.5491 MIR | ||
| 100 | _aMirza, Irfan | ||
| 245 | 0 | _aPakistan beauty and splendour | |
| 250 | _a1st | ||
| 260 |
_aKarachi: _bParamount Publishing Enterprise _c,2019. |
||
| 300 |
_a271p. _b0 _fOriginal |
||
| 500 | _aIncludes Index | ||
| 600 | _aHumanities & Natural Science | ||
| 650 | _aPhotography | ||
| 942 | _cBK | ||
| 999 |
_c17457 _d17457 |
||